Quiz Cyclisme - Statistiques

Statistiques générales
  • Ce quiz a été pris 124 fois
  • Le résultat moyen est 3 sur 5
Statistiques - réponses
Question Réponse % Correct
Qui parmis c'est français a le mieux performé au général du Tour de France ?
79%
Qui parmis c'est coureur à déjà gagné le Tour de France ?
67%
Qui permis c'est français a porté le maillot Jaune plus de 11 jours d'affiler
67%
Quelle est la course la plus ancienne parmis c'est proposition ? Liège Bastogne Liège
65%
Parmis ses coureurs lequel a remporté le plus de Grand Tour ?
58%
Aucun quiz correspondant
Distribution des résultats
% des personnes avec chaque résultat
Percentile par nombre de réponses
Votre historique - résultats
Vous n’avez pas pris ce quiz